El renacimiento

Gorde:
Xehetasun bibliografikoak
Egile nagusia: Burke, Peter (Egilea)
Formatua: Liburua
Hizkuntza:gaztelania
Argitaratua: Barcelona Crítica 1993
Gaiak:
Etiketak: Etiketa erantsi
Etiketarik gabe, Izan zaitez lehena erregistro honi etiketa jartzen!

MARC

LEADER 00000nam a2200000 a 4500
001 UCR6120
003 CL-VaPUC
008 980420e19930000SP |||||||||||||||||spa|d
082 0 4 |a 709.024  |b BUR  |2 21 
100 0 |a Burke, Peter  |e author  |9 407288 
245 1 3 |a El renacimiento 
300 |a 121 p 
942 |c BK 
945 |d 19980420 00:00:00  |a rbrito 
260 |a Barcelona  |b Crítica   |c 1993 
650 0 |a Renacimiento  |9 255107 
650 0 |a Civilización   |9 255823 
583 |a last modification  |c 19980420 00:00:00  |k Rodrigo Vera 
999 |c 268426  |d 268424 
952 |0 0  |1 0  |4 0  |6 709_024000000000000_BUR_1993  |7 0  |8 A  |9 301571  |a BIBART  |b BIBART  |d 2019-11-20  |i 3407349  |o 709.024 BUR 1993  |p 3407349  |r 2025-03-13  |w 2019-11-20  |y BK  |k ART